| 000 | 00776nam a2200253Ia 4500 | ||
|---|---|---|---|
| 001 | dia_4336 | ||
| 003 | CHAP | ||
| 005 | 20230123175350.0 | ||
| 007 | ta | ||
| 008 | 220601s9999 xx 000 0 und d | ||
| 040 |
_amxchpua _cCHAP |
||
| 090 | _aFOLLETO 2862 | ||
| 110 | 1 |
_9186128 _aConsejo regulador de la denominación de origen Queso Manchego |
|
| 245 | 1 | 0 | _aQueso Manchego denominación, historia denominación de origen |
| 260 |
_aMéxico : _bConsejo regulador de la denominación de origen Queso Manchego, |
||
| 300 | _aS.p. | ||
| 500 | _aD. | ||
| 650 | 1 | 7 |
_aQueso Manchego _993246 |
| 650 | 1 | 7 |
_aQueso _993221 _xHistoria |
| 901 | _aFOLLETO 2862 | ||
| 902 | _aM | ||
| 905 | _a0000001990 mx A 0000000000spa00 | ||
| 942 |
_cFOLL _2local |
||
| 999 |
_c209488 _d209488 |
||